[Event "Sigeman & Co 20th"]
[Site "Malmo"]
[Date "2012.05.13"]
[Round "4"]
[White "Hector, Jonny"]
[Black "Li, Chao B"]
[Result "0-1"]
[WhiteElo "2560"]
[BlackElo "2703"]
[Annotator "Let's Check"]
[PlyCount "80"]
[EventDate "2012.05.09"]
[EventType "tourn"]
[EventRounds "7"]
[EventCountry "SWE"]
[EventCategory "16"]
[SourceTitle "CBM 149"]
[Source "ChessBase"]
[SourceDate "2012.07.17"]
[SourceVersion "1"]
[SourceVersionDate "2012.07.17"]
[SourceQuality "1"]

1. e4 c5 2. Nf3 d6 3. d4 cxd4 4. Nxd4 Nf6 5. Nc3 Nc6 6. Be3 e5 7. Nxc6 bxc6 8.
Be2 Be7 9. O-O O-O 10. f4 exf4 11. Rxf4 Be6 12. Qd2 Nd7 13. Rd1 Ne5 14. b3 Re8
15. Na4 Qc7 16. c4 Rad8 17. Rf2 d5 18. cxd5 cxd5 19. Rc1 Qb8 20. Qd4 dxe4 21.
Qxe4 Bd5 22. Qf5 Bh4 23. g3 Ng6 24. gxh4 Rxe3 25. Qg5 Re5 26. Qg3 Rde8 27. h5
Nf8 28. h6 Ne6 29. Bg4 Ng5 30. Rf5 gxh6 31. Rxe5 Qxe5 32. Qxe5 Rxe5 33. Nc3 Bb7
34. Kf2 h5 35. Be2 Nh3+ 36. Kg3 $4 (36. Ke1 f5 37. Rd1 $15) 36... Re3+ $19 37.
Kh4 Nf4 38. Bxh5 Ng2+ 39. Kg5 Kg7 40. Bg4 f6+ 0-1

[Event "RUS-chT 03rd"]
[Site "Kazan"]
[Date "1995.??.??"]
[Round "7"]
[White "Drozdov, Igor"]
[Black "Sakaev, Konstantin"]
[Result "0-1"]
[WhiteElo "2450"]
[BlackElo "2570"]
[Annotator "Mowsziszian,K"]
[PlyCount "82"]
[EventDate "1995.??.??"]
[EventType "team-tourn"]
[EventRounds "9"]
[EventCountry "RUS"]
[SourceTitle "CBM 051"]
[Source "ChessBase"]
[SourceDate "1996.04.01"]
[SourceVersion "1"]
[SourceVersionDate "1996.04.01"]
[SourceQuality "1"]
[WhiteTeam "Surgut Fakel-Surgutgazprom"]
[BlackTeam "Novosibirsk New Siberia"]
[WhiteTeamCountry "RUS"]
[BlackTeamCountry "RUS"]

1. e4 c5 2. Nf3 d6 3. d4 cxd4 4. Nxd4 Nf6 5. Nc3 a6 6. a4 Nc6 {><b4} 7. Be2 e5
8. Nf3 h6 {gegenBg5-f6><d5} (8... Be7 9. O-O O-O 10. Bg5 Be6 11. Bxf6 Bxf6 12.
Nd5 Bxd5 13. Qxd5 Qc7 14. c3 Ne7 15. Qc4 $14 {1/2-1/2 Westerinen,H-Hmadi,S/
Dubai olm (03) ;TD 86\02 1986 (53)}) 9. O-O Be7 (9... Be6 10. Nd2 d5 11. exd5
Nxd5 12. Nxd5 Bxd5 13. Bc4 Be7 14. Bxd5 Qxd5 15. Nf3 Qe6 16. Qe2 O-O 17. Re1
Bd6 18. Bd2 Rae8 19. Bc3 Kh8 20. Rad1 Bb8 $15 {0-1 Gmeiner,P-Balzar,A/Giessen
op (05) ;GER 08 1994 (39)}) 10. b3 $6 (10. Re1 O-O 11. Bf1 Nb4 12. h3 Be6 13.
a5 b6 14. axb6 Qxb6 15. Na4 Qb7 16. b3 Rfc8 17. c3 Nc6 18. b4 $14 {1-0 Lau,
R-King,D/Wuppertal ;CBM 01 1986 (41)}) 10... O-O 11. Bb2 Be6 12. Re1 {Mit der
Idee e4 Bauer zu ferteidigen und wenn irgendwann kommt Befreiung d6-d5 wird e5
Bauer schwach.} Rc8 13. Bf1 Qd7 14. Nd2 {/\Nc4-b6><b6} Na5 15. Ncb1 {/\c4,
Nc3-d5} Bd8 {/\Bb6><f2} 16. Na3 (16. c4 $2 Bb6 17. Nc3 Bd4) 16... Bb6 17. h3
Nc6 18. Nac4 Bc5 19. a5 Qc7 20. Ba3 $2 (20. c3 d5 $17) 20... Nxa5 $1 $17 21.
Bxc5 Nxc4 22. Nxc4 dxc5 23. Qf3 Rfd8 24. Qc3 Rd4 25. Nd2 Qb6 {/\Qb4} 26. Nf3
Rxe4 27. Rxe4 Nxe4 28. Qxe5 Nf6 29. Rd1 Qc7 30. Rd6 Nd7 31. Qf4 Nf8 32. Qd2 Qe7
33. Bd3 Kh8 (33... Qxd6 $4 34. Bh7+ $14) 34. Qf4 Kg8 35. Be4 Qc7 36. g3 $2 Bxh3
37. Qd2 Re8 38. Bd5 Ne6 (38... Qxd6 $4 39. Bxf7+ $16) 39. Bxe6 Bxe6 40. Rd3 b6
41. Rd6 Bc8 {/\Bb7/^h1-a8 ist schwach} 0-1

[Event "ISR-ch"]
[Site "Jerusalem"]
[Date "1996.??.??"]
[Round "6"]
[White "Psakhis, Lev"]
[Black "Greenfeld, Alon"]
[Result "1-0"]
[WhiteElo "2590"]
[BlackElo "2560"]
[Annotator "Psakhis,L"]
[PlyCount "89"]
[EventDate "1996.10.26"]
[EventType "swiss"]
[EventRounds "9"]
[EventCountry "ISR"]
[SourceTitle "CBM 056"]
[Source "ChessBase"]
[SourceDate "1997.02.01"]
[SourceVersion "1"]
[SourceVersionDate "1997.02.01"]
[SourceQuality "1"]

1. e4 {Rechlis,G} c5 2. Nf3 d6 3. d4 cxd4 4. Nxd4 Nf6 5. Nc3 Nc6 6. Be2 e5 7.
Nf3 h6 8. O-O Be7 9. Re1 O-O 10. h3 Be6 11. Bf1 Qa5 12. Bd2 Qd8 13. Na4 $5 (13.
b3 d5 14. exd5 Nxd5 15. Nxd5 Qxd5 16. c4 Qd6 17. Bc3 Qxd1 18. Raxd1 f6 $10 {
0-1 Apicella,M-Hennigan,M/Capelle la Grande 1995 (43)}) 13... d5 (13... Nh7 14.
c4 Ng5 15. Nxg5 Bxg5 16. Nc3 a6 17. Be3 Bxe3 18. Rxe3 Rc8 $13 {Vasiukov,
E-Lerner,K/Novi Sad op/1988/0,5/42/}) (13... Na5 $5 14. b3 Bd7 15. Nc3 (15. Nb2
$5) 15... a6 (15... Rc8 $6 16. Nb5 $16) 16. b4 $1 Nc6 17. Nd5 Nxd5 18. exd5 Nd4
{Glek,I-Lobron,E Bern op 1994} 19. Nxd4 {Glek} exd4 20. Bd3 Bb5 $2 (20... Bf6
21. a4 $16) 21. Bxb5 axb5 22. Qe2 $16) 14. exd5 Nxd5 $6 {N/} (14... Qxd5 15. c4
Qd6 16. Bc3 Nd7 17. Qxd6 Bxd6 18. Rad1 Bc7 19. b4 $14 {0-1 Xie,J-Ioseliani,N/
Monaco-M 1993 (58)}) 15. Nxe5 Nxe5 16. Rxe5 Bf6 (16... Qc7 $5 17. Re1 Rfd8) 17.
Re1 Rc8 18. Rc1 $1 (18. c4 $6 Nb6 19. Nxb6 Qxb6 $10) 18... Bf5 (18... Nb6 19.
Nxb6 Qxb6 20. b3 Rfd8 21. Bd3) 19. b3 $5 (19. c4 Nb6 20. Nxb6 Qxb6 21. Qf3 Qxb2
(21... Bg6 22. b4 Rfd8 23. c5) 22. Bxh6 (22. Qxf5 Qxd2 23. Bd3 g6 24. Qxf6 Qxd3
$10) 22... Bg6 23. Be3 $16) 19... Nb6 (19... Nc3 20. Nxc3 Bxc3 21. Bxc3 Rxc3
22. Qxd8 (22. Bc4 $5 $16) 22... Rxd8 23. Re7 Rd7 24. Rxd7 Bxd7 25. Bd3 $16) 20.
Nxb6 Qxb6 21. Qf3 $1 {Rechlis: Psakhis correctly refrains from holding to his
extra pawn and taking over the initiative !} (21. Bd3 $6) 21... Bxc2 (21...
Rxc2 22. Be3 $1 (22. Bxh6 $2 gxh6 23. Qxf5 Rxf2 $1 24. Qxf2 Bd4) 22... Rxc1 23.
Rxc1 Qe6 (23... Qa5 24. Rc5) 24. Qxb7 $18) 22. Bc4 $16 Bg6 23. Be3 Qb4 (23...
Qa5 24. Qxb7) 24. a3 $1 Qxa3 (24... Qa5 $5 25. Qxb7 Bb2 (25... Rc7 26. Qa6 (26.
Bd2 Rxb7 27. Bxa5 Bb2 28. Bb4 Rxb4 29. axb4 Bxc1 30. Rxc1 $14) (26. Qd5 Qxa3 (
26... Qxd5 27. Bxd5 Rxc1 28. Rxc1 Rd8 29. Bf3 $16)) 26... Qxa6 27. Bxa6 Rxc1
28. Rxc1 Bb2 29. Rc7 $16) 26. Rcd1 (26. b4 Qc7) (26. Qxa7 Qxa7 27. Bxa7 Bxc1
28. Rxc1 Bd3) 26... Rc7 27. Qd5 (27. b4 Rxb7 28. bxa5 Bxa3 29. a6 $14) 27...
Qxd5 (27... Qxa3 28. Bf4 $1 Rc5 29. Qd2 $1 Rcc8 30. Bd6 Rfd8 31. Bxa3 Rxd2 32.
Rxd2 Bxa3 33. Rd7 $18) 28. Rxd5 Bxa3 29. Ra1 $16) 25. Qxb7 Rcd8 {Rechlis:
Psakhis is getting his pawn back , this time without any compensation .} (25...
a5 $2 {Rechlis,G} 26. Bxf7+) (25... Ra8 $2 {Rechlis,G} 26. Bc5) 26. Qxa7 Qxa7
27. Bxa7 $16 Bb2 28. Rcd1 (28. Bc5 $5 Bxc1 29. Bxf8 Bd2 (29... Kxf8 30. Rxc1
Rd2 31. b4 $16) 30. Be7 Rd7 31. Re2 Bf4 32. g3 $16) 28... Bc3 29. Rf1 Bb4 30.
Be3 Rfe8 31. Ra1 (31. Rxd8 $5 Rxd8 32. Ra1) 31... Bd3 (31... Bd2 $5) 32. Rfd1 (
32. Ra7 Bxc4 (32... Bxf1 33. Bxf7+ Kh7 34. Bxe8 Bxg2 35. Kxg2 Rxe8 36. Bd4 $16)
33. bxc4 Rc8) 32... Bxc4 33. Rxd8 Rxd8 34. bxc4 Rc8 (34... Kf8 $5) 35. c5 $1
Rc7 (35... Rxc5 36. Bxc5 Bxc5 37. g4 $5 $18) (35... Kf8 36. Ra4 Bc3 37. Kf1 Ke7
38. Ke2 Ke6 39. Kd3 Be5 40. Kc4 $18) 36. Rc1 Rc6 (36... Kf8 37. Kf1 (37. c6 Ke7
38. Bf4 Rc8 39. Rc4) 37... Ke7 38. Ke2 Ke6 (38... Kd7 39. Kd3 Kc6 40. Kc4 Ba3
41. Ra1 Bb2 42. Ra6+ Kd7 43. Kd5 $18) 39. Rc4 Ba5 (39... Ba3 40. Kd3 Kd5 41.
Rd4+) 40. Ra4 Bc3 41. Kd3 $18) 37. Kf1 $18 f5 38. Ke2 Kf7 (38... f4 39. Bd4)
39. Kd3 f4 40. Bd4 Ba5 (40... Ke6 41. Kc4 Ba5 42. Kb5 Kd5 43. Rd1 $18) 41. Ra1
Bc7 42. Kc4 Ke7 43. Bxg7 $1 Rg6 44. Bd4 Rxg2 45. Ra6 (45. Ra6 h5 46. Rh6 $18)
1-0

[Event "Syre Memorial op 33th"]
[Site "Issy les Moulineaux"]
[Date "2010.05.16"]
[Round "5"]
[White "Karim, Ismael"]
[Black "Guilleux, Fabien"]
[Result "1/2-1/2"]
[WhiteElo "2410"]
[BlackElo "2394"]
[Annotator "RR"]
[PlyCount "29"]
[EventDate "2010.05.13"]
[EventType "swiss"]
[EventRounds "6"]
[EventCountry "FRA"]
[SourceTitle "EXT 2011"]
[Source "ChessBase"]
[SourceDate "2010.11.26"]
[SourceVersion "1"]
[SourceVersionDate "2010.11.26"]
[SourceQuality "1"]

1. e4 c5 {01h30} 2. Nf3 d6 3. Nc3 Nc6 4. d4 cxd4 5. Nxd4 Nf6 6. Be2 e5 7. Nf3 (
7. Nb3 Be7 8. O-O a5 $132 {[%cal Ga5a4]}) 7... h6 {[%csl Gd5]} 8. h3 (8. O-O)
8... Be7 9. O-O O-O 10. Re1 Be6 11. Bf1 Qa5 (11... Nb8 $5 {[%cal Gb8d7]}) 12.
Bd2 {[%cal Gd2a5]} Qc7 (12... Qd8 {Plus courant car le Bd2 est mal placé et il
sera probablement contraint de perdre un tempo а son tour pour être réactivé
sur une autre case}) 13. Nb5 Qb8 {01h24 Les noirs ont joué trés vite
l'ouverture et il doit donc s'agir d'une préparation.} (13... Qb6 14. c4 (14.
Be3) 14... a6 (14... Rfc8 15. Be3 Qd8 16. Bd3 (16. Nc3 a6 (16... Nb8 {[%csl
Rc4][%cal Gc8c4,Ge6c4,Gb8d7]}) 17. Nd5) 16... Nb4 {[%cal Gb4d3,Ge6c4,Gc8c4]})
15. Be3 $14 {Isupov,V (2315)-Sorokin,M (2480) RSFSR-ch Kuibyshev 1990 0-1}) 14.
c4 Rc8 $146 {01h01} (14... a6 15. Nc3 b5 16. cxb5 axb5 17. Bxb5 Nd4 18. Nxd4
exd4 19. Nd5 Bxd5 20. exd5 Qxb5 21. Rxe7 Qxb2 22. Re2 Qb5 23. Rb1 Qxd5 24. Bb4
Ne4 25. f3 Ng3 26. Rd2 Rxa2 27. Rxa2 Qxa2 28. Bxd6 Ne2+ 29. Kh1 Nc3 {0-1
Marinkovic,S (2265)-Novak,D (2315)/Tucepi 1996/EXT 1998}) 15. b3 {Il
s'agissait de la 2ème ronde de la journée et le résultat satifaisait les deux
joueurs.} 1/2-1/2

[Event "Sautron op 13th"]
[Site "Sautron"]
[Date "2013.10.30"]
[Round "6"]
[White "Migot, Tangi"]
[Black "Bailet, Pierre"]
[Result "1/2-1/2"]
[WhiteElo "2354"]
[BlackElo "2474"]
[Annotator "RR"]
[PlyCount "54"]
[EventDate "2013.10.26"]
[EventType "swiss"]
[EventRounds "9"]
[EventCountry "FRA"]
[SourceTitle "EXT 2016"]
[Source "ChessBase"]
[SourceDate "2015.10.08"]
[SourceVersion "1"]
[SourceVersionDate "2015.10.08"]
[SourceQuality "1"]
[TimeControl "40/5400+30:1800+30"]
[WhiteClock "1:30:00"]
[BlackClock "1:30:00"]

1. e4 {[%emt 0:00:17]} c5 {[%emt 0:00:00]} 2. Nf3 {[%emt 0:00:17]} Nc6 {
[%emt 0:00:18]} 3. d4 {[%emt 0:01:09]} cxd4 {[%emt 0:00:18]} 4. Nxd4 {[%emt 0:
00:04]} Nf6 {[%emt 0:00:14]} 5. Nc3 {[%emt 0:00:07]} d6 {[%emt 0:00:25]} 6. Be2
{[%emt 0:03:08]} Nxd4 {[%emt 0:03:44]} (6... e5 {La grande ligne}) 7. Qxd4 {
[%emt 0:00:09]} g6 {[%emt 0:00:18][%cal Gf8g7,Gg7d4]} 8. g4 $1 {[%emt 0:11:12]}
(8. e5 dxe5 9. Qxe5 Bg7 10. O-O O-O 11. Rd1 Qb6 12. Be3 Qe6 13. Qb5 Bd7 14. Qb3
Rfc8 15. Qxe6 fxe6 16. Rd2 Bc6 17. Bc4 Bd5 18. Nxd5 Rxc4 19. Nxf6+ Bxf6 20. c3
b5 21. Rad1 Kf7 22. Kf1 a5 23. Rd8 Ra6 24. Bd4 e5 25. Be3 b4 26. Bd2 bxc3 27.
Bxc3 a4 28. a3 g5 29. h3 h5 30. Ke2 Rb6 31. R1d2 h4 32. R8d5 g4 33. Kd3 gxh3
34. gxh3 Rf4 35. Kc2 Rc6 36. Kb1 Ke6 37. Ra5 Rd6 {Fernandez Garcia,J (2419)
-Matnadze,A (2422) Don Benito 2012 0-1}) (8. Bb5+ Bd7 9. Bxd7+ Qxd7 10. Bg5 Bg7
11. Nd5 Nh5 12. Qb4 e6 13. Nf4 $13) (8. O-O Bg7) 8... h6 {[%emt 0:04:08]} 9.
Be3 {[%emt 0:12:04]} (9. Bb5+ Bd7 10. Bxd7+ Qxd7 11. f3 Bg7 12. Be3 O-O 13. Qd2
Kh7 (13... h5 {Massoni,M (2338)-Delorme,A (2293) Breizh Masters 2011 (7) 1/2})
14. h4) 9... Bg7 {[%emt 0:03:15]} 10. Rg1 $146 {[%emt 0:00:55] Probablement
une préparation maison des Blancs qui ont joué vite cette nouveauté.} (10.
f3 O-O 11. Qd2 {Michiels,B (2304)-Berthelot,Y (2311) Breizh Masters 1st 2003 
(5) 1/2}) 10... Be6 {[%emt 0:07:33]} 11. f4 {[%emt 0:06:04]} O-O {[%emt 0:17:
16]} 12. Qd2 {[%emt 0:00:44][%cal Gf4f5,Ge3h6]} b5 $1 {[%emt 0:02:58] Anticipe
le ooo des Blancs} 13. Bxb5 {[%emt 0:10:37]} (13. f5 b4 $13 {[%csl Re4]}) 13...
Rc8 {[%emt 0:03:26]} (13... Rb8 14. f5 (14. Bxa7 $2 Nxe4)) 14. f5 {[%emt 0:06:
15]} Rxc3 $1 {[%emt 0:04:54]} 15. Qxc3 {[%emt 0:02:09]} Nd5 $1 {[%emt 0:02:09]}
16. Qb3 {[%emt 0:08:01]} Nxe3 {[%emt 0:01:40]} 17. fxe6 {[%emt 0:00:52]} Nxc2+
{[%emt 0:14:46]} 18. Qxc2 {[%emt 0:03:05]} Qa5+ {[%emt 0:00:12] La pointe de
la combinaison} 19. Kf1 {[%emt 0:04:02]} Qxb5+ {[%emt 0:05:23]} 20. Kg2 {
[%emt 0:00:07]} fxe6 {[%emt 0:00:35]} 21. Rgf1 {[%emt 0:01:30]} Rb8 {[%emt 0:
01:39]} 22. Rf2 {[%emt 0:03:46]} Bd4 {[%emt 0:02:00]} 23. Rd2 {[%emt 0:01:15]}
Qe5 {[%emt 0:08:10]} 24. Rf1 {[%emt 0:01:45]} Kg7 {[%emt 0:00:14]} 25. b3 {
[%emt 0:03:45]} Bc5 $44 {[%emt 0:06:42][%csl Re4,Rg2,Rg4]} 26. Qb2 {[%emt 0:04:
59]} Qxb2 {[%emt 0:00:05]} 27. Rxb2 {[%emt 0:00:04]} Rb4 {[%emt 0:00:15]}
1/2-1/2

[Event "RUS-Cup3"]
[Site "Omsk"]
[Date "1996.??.??"]
[Round "3"]
[White "Loskutov, Oleg"]
[Black "Shcherbakov, Ruslan"]
[Result "0-1"]
[WhiteElo "2395"]
[BlackElo "2555"]
[Annotator "Rechlis,G"]
[PlyCount "122"]
[EventDate "1996.12.13"]
[EventType "swiss"]
[EventRounds "9"]
[EventCountry "RUS"]
[SourceTitle "CBM 057"]
[Source "ChessBase"]
[SourceDate "1997.04.01"]
[SourceVersion "1"]
[SourceVersionDate "1997.04.01"]
[SourceQuality "1"]

1. e4 c5 2. Nf3 Nc6 3. d4 cxd4 4. Nxd4 Nf6 5. Nc3 d6 6. Be2 e5 7. Nf3 h6 8. O-O
Be7 9. Re1 O-O 10. h3 b6 11. Bc4 (11. Bf1 Bb7 12. b3 Rc8 13. Bb2 a6 14. Nd5
Nxd5 15. exd5 Nb8 16. c4 Nd7 17. b4 Re8 18. Rc1 Bf8 19. Qb3 $14 g6 20. Ba3 $2
Qc7 21. Bb2 Bg7 $13 {0-1 Lornje,F-Makarov,M/Leningrad-chT 1989 (43)}) 11... Bb7
12. Nd5 Rc8 13. c3 Nh7 14. Qd3 Na5 15. Ba6 Bxa6 16. Qxa6 Nc6 17. Qd3 Nf6 18.
Nxf6+ Bxf6 19. Nh2 (19. Rd1 $6 Qe7 20. Qxd6 $4 Rfd8 $19) 19... Qe7 20. Ng4 Rfd8
21. b3 Qe6 22. Nxf6+ $6 (22. c4 $6 b5 $1) (22. Rd1 $1 Ne7 23. c4 $14) 22...
Qxf6 23. Ba3 Ne7 24. Rad1 Ng6 (24... Qe6 $5 {with the idea Ng6,Nf4}) 25. g3 Rc7
26. Kg2 h5 27. Qe3 (27. h4 $142) 27... h4 28. Rd3 Qe6 29. Red1 Rcd7 30. Qf3
hxg3 31. fxg3 Ne7 32. c4 Qg6 33. Qg4 $6 Qxg4 34. hxg4 Nc8 $13 35. b4 $2 {
Since this move doesn't seems to gain anything it just creates another
weakness in whites kamp .} Kf8 36. c5 b5 $1 $15 37. Rd5 a6 38. g5 Ke7 39. Bb2
f6 40. R1d3 dxc5 41. gxf6+ gxf6 42. bxc5 Ke6 $1 43. Ra3 Rxd5 44. Rxa6+ Kf7 45.
exd5 Rxd5 46. Bc3 Rxc5 47. Bb4 Rc7 48. Kf3 $6 (48. a3) 48... Ra7 $1 49. Rc6 Ne7
50. Bxe7 Kxe7 $17 51. Rb6 Ra3+ $1 52. Kg4 Rxa2 53. Rxb5 Rf2 $1 $19 54. Rb6 Kf7
55. Ra6 e4 56. Rb6 e3 57. Rb3 f5+ 58. Kg5 Rf3 59. Rb6 e2 60. Rb7+ Ke6 61. Rb8
Kd7 0-1

[Event "RUS-ch"]
[Site "Elista"]
[Date "1996.??.??"]
[Round "7"]
[White "Lastin, Alexander"]
[Black "Aseev, Konstantin N"]
[Result "1-0"]
[WhiteElo "2495"]
[BlackElo "2560"]
[Annotator "Rechlis,G"]
[PlyCount "81"]
[EventDate "1996.10.15"]
[EventType "swiss"]
[EventRounds "11"]
[EventCountry "RUS"]
[SourceTitle "CBM 056"]
[Source "ChessBase"]
[SourceDate "1997.02.01"]
[SourceVersion "1"]
[SourceVersionDate "1997.02.01"]
[SourceQuality "1"]

1. e4 c5 2. Nf3 d6 3. d4 cxd4 4. Nxd4 Nf6 5. Nc3 Nc6 6. Be2 e5 7. Nf3 h6 8. O-O
Be7 9. Re1 O-O 10. h3 Be6 11. Bf1 Nb8 12. b3 a6 13. a4 Nbd7 14. Bb2 Qc7 15. a5
Rad8 {Why not Rc8 where the rook at least 'fires' at something ?? Don't ask me
..} (15... Rac8) 16. Qd2 Rfe8 17. g3 Bf8 18. Bg2 Qc8 19. Nh2 Nc5 20. h4 Bd7 21.
Nf1 Bc6 22. b4 Ncd7 23. Ne3 {Black's passive strategy did not pay off - white
is obviously succeded to realize all his main ideas in this openning and is
ready now to charge on the queens flank !} b5 24. Ncd5 (24. axb6 $1 Nxb6 25.
Ncd5 $6 (25. Qd3 $1 $16) 25... Nfxd5 26. exd5 Bb5 $13) 24... Qb8 25. Rac1 Rc8
26. c4 bxc4 27. Nxc4 Nxd5 28. exd5 Bb7 29. Ne3 Nf6 30. Nc4 Nd7 31. Rc2 Rc7 32.
Rec1 Bc8 33. Ba3 $1 Qb5 $6 34. Bf1 Qa4 $2 35. Rc3 Rxc4 $18 (35... Nf6 36. Nb6)
36. Bxc4 Nf6 37. Qe2 e4 38. Qc2 Qd7 39. Bf1 e3 40. Rxc8 exf2+ 41. Kg2 1-0

[Event "RUS-ch"]
[Site "Elista"]
[Date "1996.??.??"]
[Round "8"]
[White "Galkin, Alexander"]
[Black "Shcherbakov, Ruslan"]
[Result "1-0"]
[WhiteElo "2425"]
[BlackElo "2555"]
[Annotator "Rechlis,G"]
[PlyCount "119"]
[EventDate "1996.10.15"]
[EventType "swiss"]
[EventRounds "11"]
[EventCountry "RUS"]
[SourceTitle "CBM 056"]
[Source "ChessBase"]
[SourceDate "1997.02.01"]
[SourceVersion "1"]
[SourceVersionDate "1997.02.01"]
[SourceQuality "1"]

1. e4 c5 2. Nf3 Nc6 3. d4 cxd4 4. Nxd4 Nf6 5. Nc3 d6 6. Be2 e5 7. Nf3 h6 8. O-O
Be7 9. Re1 O-O 10. h3 b6 11. b3 (11. Bf1 Bb7 12. Be3 Nb8 13. Bc1 Qc7 14. Bd3 a6
15. a4 Rd8 16. Bd2 Bf8 17. Nh2 Nbd7 18. Ng4 Nxg4 19. hxg4 Nc5 20. g5 Nxd3 21.
cxd3 hxg5 22. Bxg5 Be7 23. Bxe7 Qxe7 24. Qb3 Rab8 25. Rac1 b5 26. axb5 axb5 27.
Qb4 Qe6 28. Ra1 d5 29. Ra5 Bc6 30. exd5 Bxd5 31. Rxb5 Rxb5 32. Qxb5 Bc6 33.
Qxe5 Qg4 34. Qg3 Qxg3 35. fxg3 Rxd3 36. Kf2 Rd4 37. Rd1 Rb4 38. Rd2 f5 39. Ne2
Kf7 40. Nd4 Be4 41. Ke3 Bb1 42. b3 Kf6 43. Rb2 Be4 44. g4 g6 45. gxf5 gxf5 46.
g4 Ke5 47. Nxf5 Bd5 {1/2-1/2 Makropoulou,M-Demina,J/Malaysia iztW 1990}) 11...
Bb7 12. Bb2 Rc8 13. Bf1 a6 14. Qd2 Rc7 15. Nd5 (15. Na4 $6 Nb8 $1 16. Bd3 Nbd7
$15) 15... Nxd5 16. exd5 Nb8 17. c4 Nd7 18. b4 Qa8 19. Bd3 b5 $6 (19... f5 $15)
20. c5 $1 Bxd5 21. cxd6 Bxd6 22. Bf5 $44 Rd8 23. Rad1 Nf6 24. Bxe5 Bxf3 25.
gxf3 Be7 26. Qe2 Rxd1 27. Qxd1 Rc6 28. a3 $14 g6 29. Bb1 Qc8 30. Ba2 Qf5 31.
Bg3 Bf8 32. Kg2 Nh5 33. Qd2 Qf6 (33... Nxg3 $3 $16) 34. Be5 Qg5+ 35. Kh2 Re6
36. Qd4 Re7 37. f4 Qh4 38. Rg1 Rxe5 39. Rg4 Re4 40. Bxf7+ Kxf7 41. Qd5+ Re6 42.
Rxh4 Bd6 43. Qb7+ Ke8 44. Kg2 Nxf4+ 45. Kf3 g5 46. Rg4 Be7 47. h4 Rf6 48. hxg5
hxg5 49. Ke3 Re6+ 50. Kd2 Re2+ 51. Kd1 Rxf2 52. Qxa6 Rf1+ 53. Kd2 Rf2+ 54. Ke3
Re2+ 55. Kf3 Re5 56. Rg1 Kf7 57. Rh1 Bf6 58. Qb7+ Ke6 59. Qc8+ Kf7 60. Qd7+ 1-0

[Event "Belgrade GMA op"]
[Site "Belgrade"]
[Date "1988.??.??"]
[Round "?"]
[White "Smagin, Sergey"]
[Black "Timoscenko, Gennadij A"]
[Result "0-1"]
[WhiteElo "2550"]
[BlackElo "2455"]
[Annotator "Timoscenko,G"]
[PlyCount "130"]
[EventDate "1988.12.??"]
[EventType "swiss"]
[EventRounds "9"]
[EventCountry "YUG"]
[SourceTitle "TD"]
[Source "ChessBase"]
[SourceDate "1994.03.01"]
[SourceVersion "1"]
[SourceVersionDate "1994.03.01"]
[SourceQuality "1"]

1. e4 c5 2. Nf3 d6 3. d4 cxd4 4. Nxd4 Nf6 5. Nc3 Nc6 6. Be2 e5 7. Nf3 Be7 8.
O-O O-O 9. Re1 h6 10. h3 Be6 11. Bf1 Nb8 (11... Qa5 $1) 12. a4 $5 (12. Nd5 Bxd5
$13 (12... Nxd5 13. exd5 Bf5 14. c4 Nd7 $13)) 12... Nbd7 13. a5 a6 14. Nd5 $146
(14. Be3) 14... Nxd5 (14... Bxd5 $5 15. exd5 Nh7 $13) 15. exd5 Bf5 16. c4 Bh7
17. b4 e4 $1 18. Nd2 (18. Nd4 Ne5 {/\ Nd3}) 18... Bf6 19. Ra3 {f3} (19. Ra2 $5
Re8 20. Bb2 $13) 19... Re8 20. f3 $6 (20. g3 b6 $5 21. Bg2 bxa5 22. Rxa5 Qb6
23. Bxe4 $1 (23. Qa4 $6 e3 24. fxe3 Rxe3 25. Rxe3 Qxe3+ 26. Kh2 $15) 23... Bxe4
24. Nxe4 Qxb4 25. Bd2 $1 Qxc4 26. Nxd6 Rxe1+ 27. Bxe1 Qc7) 20... b6 $5 (20...
Bd4+ $5 21. Kh1 Bf2 (21... e3 $2 22. Nb1 $1 $16) 22. Re2 (22. Rxe4 $6 Bxe4 23.
Nxe4 Bh4 24. Nxd6 $2 Re1 25. Qd3 Ne5 $19) 22... e3 23. Ne4 Bxe4 24. fxe4 Rxe4
25. Bxe3 Bxe3 26. Raxe3 Rxe3 27. Rxe3 $13) (20... e3 $5 21. Ne4 (21. Nb3 $2 Bc3
$17) 21... Bxe4 22. fxe4 (22. Raxe3 $6 b6 $1 23. Rxe4 Rxe4 24. Rxe4 bxa5 $17)
22... Rxe4 23. Bd3 $1 (23. Bxe3 $2 Bh4 $1 24. Bf2 Bxf2+ 25. Kxf2 Qh4+ 26. g3
Qf6+ 27. Kg1 Rae8 $17) 23... Re8 24. Bxe3 Bh4 (24... Rxe3 $2 25. Rxe3 Bd4 26.
Bh7+ $18) 25. Re2 Ne5 $13) 21. Nxe4 Bxe4 22. Rxe4 Rxe4 23. fxe4 bxa5 24. bxa5
Nc5 $44 25. Qg4 {Bh6} Bd4+ $1 26. Kh1 Rb8 27. Rf3 (27. Bxh6 Qf6 (27... Rb1 28.
Rf3 Nd3 $1 $13) 28. Bf4 Nxe4 29. Kh2 Be5 30. Rf3 Nd2 $1 (30... g5 $5 $13) 31.
Rf2 Ne4 32. Rf3) 27... Qxa5 28. Bf4 $1 (28. Bxh6 Qe1 $1 {Nd3} 29. Kh2 Nxe4 $17
(29... Qxe4 30. Rf4 Qe3 31. Rxd4 Qxh6 $17)) 28... Rd8 $1 (28... Qe1 $2 29. Bxd6
Bf2 30. Rxf2 Qxf2 31. Bxb8 Qxf1+ 32. Kh2 $16 Qxc4 $2 33. Be5 $18) 29. Qf5 $5
Qc7 (29... Qe1 $6 30. Qxf7+ $1 Kxf7 31. Bg3+ Kg8 32. Bxe1 $13) 30. Qg4 Qa5 (
30... Qe7 $1 31. Bxh6 Nxe4 32. Rf4 f5 $1 33. Rxf5 Nf2+ 34. Rxf2 Bxf2 35. Bg5
Qe1 $17) 31. Kh2 Qe1 (31... Be5 $5 $17) 32. Bg3 $5 (32. Bxh6 Nxe4 $17) 32...
Qxe4 $2 (32... Be5 $2 33. Bxe5 dxe5 34. Rg3 g5 (34... g6 35. Qh4 Qa5 36. Qe7 $5
(36. Qxh6 $13)) 35. Qf5 Qxe4 $1 (35... Nxe4 $2 36. Rg4 Nd6 37. Rxg5+ $16) 36.
Rxg5+) (32... Qa1 $1 {Be5} 33. Qf5 f6 $5 $17 (33... Rd7 $5 34. Bxd6 $2 Rxd6 35.
Qxf7+ Kh7 36. Qf5+ g6 37. Qf7+ Bg7 $19)) 33. Rf4 Qb1 34. Rxd4 Qxf1 35. Rf4 $2 (
35. Bxd6 $1 Rxd6 36. Qc8+ Kh7 37. Qxc5 Rg6 38. Rg4 Rxg4 39. hxg4 Qe1 $1) 35...
Qd3 $6 (35... Qc1 $1 36. Bf2 Nd3) 36. Bf2 Nd7 37. Rf3 $2 (37. Bd4 $1 Qg6 $5 (
37... g6 38. Rxf7) (37... Ne5 38. Bxe5 dxe5 39. Re4 f6 40. Qe6+ Kf8 41. Qb6)
38. Qxg6 (38. Qh4 f6 $17) 38... fxg6 39. Re4 Kf7 40. Re6 Nf8 41. Re3 {c5} Rc8
42. Rf3+ Kg8 43. Ra3 Rxc4 44. Bf2) 37... Qe2 38. Qh4 Re8 39. Rg3 Ne5 (39... Kf8
$5 40. Bd4 f6 $17) 40. c5 (40. Qxh6 $2 Nf3+ $1 $19) 40... dxc5 41. d6 $2 (41.
Bxc5 Rc8 42. Re3 (42. Bd4 Ng6 $1 $17) 42... Nf3+ 43. Rxf3 Rxc5 (43... Qe5+ $5)
44. Qd8+ Kh7 $17) 41... Nd7 $1 $19 42. Qa4 $6 (42. Qxh6 Qe5 $1 {[%csl Rh6]
[%cal Re5g3,Yg3g7] /\ Qxg3} 43. Qd2 Re6 $19) 42... Qb5 43. Qg4 g6 44. Qh4 Qc6
45. Ra3 Qxd6+ 46. Bg3 Qc6 47. Ra2 h5 48. Rd2 Ne5 49. Qg5 Qe6 50. Kh1 c4 51. Re2
f6 52. Qd2 Kg7 53. Qa5 Qd6 54. Rd2 Qc6 55. Rd5 Qb7 56. Bf2 Nd3 57. Bg3 Re7 58.
Bd6 Rd7 59. Qa4 Qxd5 60. Qxd7+ Qf7 61. Qa4 Nf2+ 62. Kg1 Ne4 63. Qxa6 Nxd6 64.
Qxd6 Qa7+ 65. Kh1 Qa1+ 0-1